| 000 | 00921nam a22002657a 4500 | ||
|---|---|---|---|
| 001 | 10120 | ||
| 003 | FISKH | ||
| 005 | 20260422081855.0 | ||
| 008 | 260422b cb ||||| |||| 00| 0 eng d | ||
| 020 | _a081674503 | ||
| 040 |
_aFISKH _beng _cFISKH _dFISKH |
||
| 050 | _aPZ7 | ||
| 082 | _a428.6 | ||
| 100 |
_aStreet, Sharon _eAuthor |
||
| 245 |
_aWhat lays eggs? / _cSharon Street |
||
| 260 |
_aSingapore : _bTroll Communications L.L.C. , _c1997 |
||
| 300 |
_a12 pages : _bphotographs ; _c20 cm |
||
| 505 | _aG | ||
| 520 | _aA non-fiction book that explains where different animals lay their eggs to keep them safe, and what hatches out of their eggs. This title could be used as part of a science theme on the classification of animals that lay eggs. | ||
| 521 | 8 |
_a400
_bLexile estimate |
|
| 521 | 8 |
_aG
_bRaz-Plus |
|
| 650 |
_aNon-fiction book _vBaby animals |
||
| 942 |
_2ddc _cBK _n0 |
||
| 999 |
_c10120 _d10120 |
||